Statistics for Countries with the Most Mormons

Click here to take the quiz!

General Stats

  • This quiz has been taken 406 times
    (376 since last reset)
  • The average score is 61 of 108

Answer Stats

HintAnswer% Correct
Over 1,000,000United States
99%
100,000-1,000,000Canada
93%
United Kingdom
92%
Mexico
91%
Brazil
90%
Russia
83%
France
83%
Germany
82%
Argentina
81%
Japan
80%
Chile
80%
Australia
79%
Italy
77%
Spain
77%
South Africa
76%
New Zealand
74%
Sweden
74%
Peru
73%
Ireland
72%
India
72%
Panama
72%
Finland
71%
Norway
71%
Denmark
70%
Honduras
70%
Bolivia
69%
Switzerland
69%
Paraguay
69%
Venezuela
69%
Portugal
69%
South Korea
68%
Austria
67%
Poland
67%
Greece
67%
Ukraine
66%
Guatemala
66%
Dominican Republic
65%
Colombia
65%
Costa Rica
64%
El Salvador
64%
Ecuador
63%
10,000-100,000Haiti
63%
Uruguay
63%
Netherlands
62%
Belgium
61%
Nigeria
60%
Tonga
60%
Indonesia
60%
Iceland
59%
Nicaragua
59%
Samoa
59%
Belize
59%
Turkey
59%
Hungary
59%
Romania
56%
Kenya
56%
Thailand
56%
Latvia
56%
1,000-10,000Jamaica
56%
Czech Republic
55%
Estonia
55%
Lithuania
53%
Croatia
53%
Taiwan
52%
Philippines
52%
Malaysia
52%
Slovakia
52%
Republic of the Congo
51%
Mongolia
50%
Slovenia
50%
Guyana
50%
Fiji
50%
Suriname
48%
Bulgaria
47%
Bahamas
46%
Cambodia
45%
Ethiopia
43%
Mozambique
42%
Namibia
42%
Tanzania
41%
Uganda
41%
Angola
41%
100-1,000Barbados
40%
Trinidad and Tobago
40%
Albania
40%
Cote d'Ivoire
39%
Georgia
38%
Botswana
38%
Madagascar
38%
Sri Lanka
37%
Zimbabwe
37%
Papua New Guinea
37%
Zambia
36%
St. Kitts and Nevis
35%
Grenada
34%
Liberia
33%
Sierra Leone
33%
Guinea
33%
St. Lucia
33%
Togo
32%
Kazakhstan
32%
St. Vincent and the Grenadines
31%
Antigua and Barbuda
30%
Solomon Islands
28%
Central African Republic
27%
Swaziland
26%
Vanuatu
25%
Qatar
15%

Score Distribution

Percentile by Number Answered

Percent of People with Each Score

Your Score History

You have not taken this quiz since the last reset